| 000 | 00400nam a22001697a 4500 | ||
|---|---|---|---|
| 999 |
_c11347 _d11347 |
||
| 003 | OSt | ||
| 008 | 220613b ||||| |||| 00| 0 eng d | ||
| 020 | _a9780849315879 | ||
| 082 | _a620.0021 DOC | ||
| 100 | _aDORF, Richard C. | ||
| 245 | _aCRC Handbook of Engineering Tables | ||
| 250 | _a1st | ||
| 260 |
_aBoca Raton _bCRC Press T&F _c2018 |
||
| 300 | _aMISC | ||
| 650 | _aCSE | ||
| 942 |
_2ddc _cBK |
||